000 00462nam a22001817a 4500
003 MPLRDC
005 20220104123329.0
008 210129b ||||| |||| 00| 0 eng d
020 _a7-5434-1623-9
082 _a312.9 WH
100 _a王洪、刘兴良、沈以淡编著
245 _a电脑及机器人趣谈
_c
250 _a一版一刷
260 _a
_b河北教育出版社
_c1993
300 _b
650 _a电脑科学
942 _cBK
_o312.9 WH
999 _c10492
_d10482